000 00670nam a2200181Ia 4500
008 100917s9999 xx 000 0 und d
082 _b26527
100 _aहसमनीस द. का.
245 _aवर्तुळाचे टोक (आवृत्ती 1 ली )
260 _bसौ. राधा रामचंद्र भुतडा
_c1975
300 _a158
365 _b10
520 _aकादंबरी
630 _aवर्तुळाचे टोक (आवृत्ती 1 ली )
650 _aकादंबरी
730 _aवर्तुळाचे टोक (आवृत्ती 1 ली )
942 _cBOOK
999 _c631921
_d631918